[Event "First Saturday July"]
[Site "Budapest HUN"]
[Date "2006.07.04"]
[EventDate "2006.07.01"]
[Round "4"]
[Result "1/2-1/2"]
[White "Stefan Kristjansson"]
[Black "Iweta Radziewicz Rajlich"]
[WhiteElo "2491"]
[BlackElo "2425"]
[PlyCount "75"]

1. e4 e6 2. d4 d5 3. e5 c5 4. c3 Nc6 5. Nf3 Qb6 6. a3 Bd7
7. b4 cxd4 8. cxd4 Rc8 9. Be3 Nh6 10. Bd3 Ng4 11. O-O Nxe3
12. fxe3 Be7 13. Nbd2 Nb8 14. Qe2 Ba4 15. e4 O-O 16. exd5 exd5
17. Rfc1 Qh6 18. Bf5 Bd7 19. Bxd7 Nxd7 20. Nb3 Nb8 21. Rc2 Bg5
22. Re1 Be3+ 23. Kf1 Bf4 24. g3 Qh3+ 25. Kf2 Bh6 26. Rxc8 Rxc8
27. e6 Qxe6 28. Qxe6 fxe6 29. Nc5 b6 30. Nxe6 Nd7 31. Nf4 Nf6
32. Re7 g5 33. Ne6 Rc2+ 34. Ke1 g4 35. Ne5 Rc1+ 36. Ke2 Rc2+
37. Kd1 Rc1+ 38. Ke2 1/2-1/2

[Event "First Saturday July"]
[Site "Budapest HUN"]
[Date "2006.07.05"]
[EventDate "2006.07.01"]
[Round "5"]
[Result "1-0"]
[White "Iweta Radziewicz Rajlich"]
[Black "Viktor Varadi"]
[WhiteElo "2425"]
[BlackElo "2384"]
[PlyCount "115"]

1. d4 Nf6 2. Nf3 g6 3. c4 Bg7 4. Nc3 d5 5. cxd5 Nxd5 6. e4
Nxc3 7. bxc3 O-O 8. Be2 c5 9. O-O Bg4 10. Be3 cxd4 11. cxd4
Nc6 12. d5 Bxa1 13. Qxa1 Na5 14. Bh6 f6 15. Bxf8 Qxf8 16. Qd4
b6 17. e5 Bxf3 18. Bxf3 fxe5 19. Qxe5 Qf6 20. Qxf6 exf6
21. Rc1 b5 22. Rc7 Nc4 23. d6 Rd8 24. d7 Kf8 25. Rxa7 Ne5
26. Be2 b4 27. Bb5 Ke7 28. Kf1 Kd6 29. Ke2 Kc5 30. Rb7 Nc6
31. Ba4 Ne5 32. Rc7+ Kd6 33. Rc8 Ke7 34. f4 Nf7 35. Rc4 Nd6
36. Rxb4 Ra8 37. Rd4 Nb7 38. Bb3 Nd6 39. Ba4 Nb7 40. Re4+ Kd6
41. Ke3 f5 42. Rd4+ Kc7 43. Rc4+ Kd6 44. Kd4 Nd8 45. Kc3 Ne6
46. Kb4 Nc7 47. Rc6+ Kxd7 48. Ra6+ Ke7 49. Rxa8 Nxa8 50. Kc5
Nc7 51. Bb3 h6 52. a4 g5 53. g3 gxf4 54. gxf4 Na6+ 55. Kb5
Nc7+ 56. Kc6 Na6 57. a5 Nb4+ 58. Kb5 1-0

[Event "First Saturday July"]
[Site "Budapest HUN"]
[Date "2006.07.07"]
[EventDate "2006.07.01"]
[Round "7"]
[Result "1-0"]
[White "Iweta Radziewicz Rajlich"]
[Black "Zlatko Ilincic"]
[WhiteElo "2425"]
[BlackElo "2515"]
[PlyCount "77"]

1. d4 Nf6 2. Nf3 g6 3. c4 Bg7 4. Nc3 O-O 5. e4 d6 6. h3 e5
7. d5 Nh5 8. g3 f5 9. exf5 gxf5 10. Be2 f4 11. g4 Nf6 12. Ng5
Nxg4 13. hxg4 Qxg5 14. Ne4 Qe7 15. Bd2 Nd7 16. Qc2 Nf6 17. f3
Nxe4 18. Qxe4 Bf6 19. O-O-O Bg5 20. Bd3 h6 21. Rh2 Bd7
22. Rdh1 Rf6 23. Be1 Be8 24. Bh4 Bxh4 25. Rxh4 Bg6 26. Qxg6+
Rxg6 27. Bxg6 Kg7 28. Be4 Rh8 29. Rh5 b5 30. cxb5 Qe8 31. a4
a6 32. g5 axb5 33. Rxh6 Rg8 34. Re6 Qa8 35. Rh7+ Kf8 36. g6
Rg7 37. Rh8+ Rg8 38. Rf6+ Kg7 39. Rf7+ 1-0

[Event "First Saturday July"]
[Site "Budapest HUN"]
[Date "2006.07.11"]
[EventDate "2006.07.01"]
[Round "11"]
[Result "0-1"]
[White "Klaus Berg"]
[Black "Iweta Radziewicz Rajlich"]
[WhiteElo "2393"]
[BlackElo "2425"]
[PlyCount "50"]

1. c4 Nf6 2. Nc3 c5 3. Nf3 d6 4. d4 cxd4 5. Nxd4 b6 6. e4 Bb7
7. f3 e6 8. Be2 Nbd7 9. O-O Be7 10. Be3 O-O 11. Qd2 a6 12. a4
Ne5 13. a5 bxa5 14. Nb3 Nc6 15. Rfd1 Nd7 16. Na4 Qc7 17. c5
Nxc5 18. Naxc5 dxc5 19. Qc3 Rfd8 20. Nxc5 Bf6 21. Qb3 Nd4
22. Rxd4 Bxd4 23. Bxd4 Rxd4 24. Qxb7 Qxc5 25. Kf1 Rdd8 0-1

[Event "First Saturday September"]
[Site "Budapest HUN"]
[Date "2006.09.02"]
[EventDate "2006.09.02"]
[Round "12"]
[Result "0-1"]
[White "Gellert Papp"]
[Black "Iweta Radziewicz Rajlich"]
[WhiteElo "2300"]
[BlackElo "2425"]
[PlyCount "54"]

1. e4 e6 2. d4 d5 3. Nc3 Bb4 4. e5 c5 5. a3 Bxc3+ 6. bxc3 Nc6
7. Qg4 Nge7 8. Bd3 c4 9. Bf1 O-O 10. Qd1 Ng6 11. h4 f6 12. h5
Nh8 13. f4 Nf7 14. Nf3 Nh6 15. Rh3 b5 16. Be2 a5 17. Kf1 Ra7
18. Kg1 Qb6 19. Kh1 Ng4 20. Qe1 fxe5 21. fxe5 Raf7 22. Qg3
Nxd4 23. cxd4 Qxd4 24. Rb1 Nf2+ 25. Kh2 Ng4+ 26. Kh1 Nf2+
27. Kh2 Qc5 0-1

[Event "First Saturday September"]
[Site "Budapest HUN"]
[Date "2006.09.02"]
[EventDate "2006.09.02"]
[Round "1"]
[Result "0-1"]
[White "Tamas Fodor Jr"]
[Black "Iweta Radziewicz Rajlich"]
[WhiteElo "2429"]
[BlackElo "2425"]
[PlyCount "80"]

1. d4 c5 2. d5 d6 3. e4 a6 4. a4 e6 5. Nc3 Ne7 6. Nf3 exd5
7. exd5 Ng6 8. Be2 Be7 9. O-O Bg4 10. Be3 O-O 11. h3 Bxf3
12. Bxf3 Nd7 13. Ra3 Rb8 14. a5 f5 15. Be2 Bf6 16. Kh1 Bxc3
17. bxc3 f4 18. Bc1 Nde5 19. c4 Qh4 20. Kh2 b6 21. axb6 Rxb6
22. g3 Qf6 23. gxf4 Nxf4 24. Bxf4 Qxf4+ 25. Rg3 a5 26. Qa1 Qd2
27. Qd1 Qxd1 28. Bxd1 Nxc4 29. Kg2 Rb4 30. Bg4 g6 31. h4 Ne5
32. Be6+ Kg7 33. h5 Rc4 34. c3 Rcf4 35. hxg6 hxg6 36. Kg1 Nf3+
37. Kg2 Nd2 38. Rg1 Rxf2+ 39. Kh3 Rh8+ 40. Kg4 Ne4 0-1

[Event "First Saturday September"]
[Site "Budapest HUN"]
[Date "2006.09.03"]
[EventDate "2006.09.02"]
[Round "2"]
[Result "1-0"]
[White "Iweta Radziewicz Rajlich"]
[Black "Mathias Womacka"]
[WhiteElo "2425"]
[BlackElo "2423"]
[PlyCount "91"]

1. d4 Nf6 2. Nf3 e6 3. c4 c5 4. d5 exd5 5. cxd5 d6 6. Nc3 g6
7. e4 Bg7 8. h3 O-O 9. Bd3 Nh5 10. Bg5 Bf6 11. Be3 Nd7 12. g4
Ng7 13. Bf4 Ne5 14. Nxe5 Bxe5 15. Bxe5 dxe5 16. Qd2 a6 17. Qe3
Qd6 18. Be2 b5 19. h4 f6 20. h5 g5 21. a4 b4 22. Nd1 Bd7
23. b3 Qc7 24. Nb2 Ne8 25. Rc1 Nd6 26. O-O Rfc8 27. Rc2 Qa7
28. Rfc1 c4 29. Nxc4 Qxe3 30. fxe3 Nxe4 31. Nb6 Rxc2 32. Rxc2
Ra7 33. Nxd7 Rxd7 34. Rc6 Nd2 35. d6 a5 36. Bb5 Rd8 37. h6 Kf8
38. Ra6 Nxb3 39. Ra7 Rxd6 40. Rxh7 Kg8 41. Rc7 Nd2 42. Bd7 b3
43. Rc8+ Kh7 44. Bf5+ Kxh6 45. Rc7 Nf3+ 46. Kf2 1-0

[Event "First Saturday September"]
[Site "Budapest HUN"]
[Date "2006.09.06"]
[EventDate "2006.09.02"]
[Round "5"]
[Result "1/2-1/2"]
[White "Iweta Radziewicz Rajlich"]
[Black "Walter Wittmann"]
[WhiteElo "2425"]
[BlackElo "2361"]
[PlyCount "83"]

1. d4 Nf6 2. c4 e6 3. Nf3 d5 4. cxd5 exd5 5. Nc3 c6 6. Qc2 Be7
7. Bf4 Nbd7 8. h3 Qa5 9. e3 Ne4 10. Nd2 Ndf6 11. g4 Nxd2
12. Qxd2 Bb4 13. f3 Be6 14. Rc1 Qd8 15. Qh2 Rc8 16. Bd3 Nd7
17. O-O h5 18. g5 h4 19. Kh1 Nf8 20. Be5 Qxg5 21. f4 Qg3
22. f5 Qxh2+ 23. Kxh2 f6 24. fxe6 Bxc3 25. Bd6 Ba5 26. e7 Ne6
27. e4 dxe4 28. Bxe4 Bc7 29. Bg6+ Kd7 30. Bxc7 Nxc7 31. Rce1
Kd6 32. Bf7 Ne8 33. Rf2 Rb8 34. Rd1 Nc7 35. Rg1 Ne8 36. Bxe8
Rbxe8 37. Rxg7 Rh6 38. Re2 Rh5 39. Re1 Rh6 40. Re4 a5 41. Kg2
b5 42. Kf3 1/2-1/2

[Event "First Saturday September"]
[Site "Budapest HUN"]
[Date "2006.09.07"]
[EventDate "2006.09.02"]
[Round "6"]
[Result "0-1"]
[White "Kivanc Haznedaroglu"]
[Black "Iweta Radziewicz Rajlich"]
[WhiteElo "2454"]
[BlackElo "2425"]
[PlyCount "106"]

1. e4 e6 2. Qe2 c5 3. Nf3 Nc6 4. g3 Nge7 5. Bg2 g6 6. O-O Bg7
7. d3 b6 8. Re1 O-O 9. c3 e5 10. a4 d6 11. Qc2 h6 12. Na3 Be6
13. Be3 Rc8 14. Qd2 Na5 15. Rab1 Nb3 16. Qd1 Nc6 17. Nc4 Nca5
18. Nxa5 bxa5 19. Nd2 Rb8 20. f4 exf4 21. Bxf4 g5 22. Be3 Nxd2
23. Qxd2 Qd7 24. h4 f6 25. d4 c4 26. d5 Bg4 27. Bd4 Qxa4
28. Rf1 Qd7 29. Rf2 Bh3 30. Qe2 Bxg2 31. Kxg2 Rbe8 32. hxg5
hxg5 33. Rh1 Qe7 34. Re1 f5 35. Bxg7 Qxg7 36. Qxc4 f4 37. Qd3
Rf6 38. Kg1 Ref8 39. gxf4 Rxf4 40. Rg2 g4 41. Re3 Qf6 42. Re1
Rf7 43. e5 dxe5 44. d6 e4 45. Qd1 Qf5 46. b4 axb4 47. cxb4 a5
48. Qc1 axb4 49. Rc2 Rf3 50. Rc8+ Kh7 51. Qc5 Rf1+ 52. Rxf1
Qxf1+ 53. Kh2 Qh3+ 0-1

[Event "First Saturday September"]
[Site "Budapest HUN"]
[Date "2006.09.09"]
[EventDate "2006.09.02"]
[Round "8"]
[Result "1-0"]
[White "Tamas Meszaros"]
[Black "Iweta Radziewicz Rajlich"]
[WhiteElo "2352"]
[BlackElo "2425"]
[PlyCount "77"]

1. e4 e6 2. d4 d5 3. Nc3 Nc6 4. Nf3 Nf6 5. Bg5 Be7 6. e5 Ne4
7. Bxe7 Qxe7 8. a3 Nxc3 9. bxc3 Na5 10. Bd3 b6 11. O-O Bb7
12. Nd2 O-O 13. Qh5 g6 14. Qh6 f5 15. exf6 Rxf6 16. Nf3 Rxf3
17. gxf3 Rf8 18. Rfe1 Rxf3 19. Re3 Rf6 20. Rae1 Nc4 21. Rg3
Nd6 22. h4 Nf7 23. Qe3 Kh8 24. f4 Nd6 25. h5 Ne4 26. Bxe4 dxe4
27. hxg6 hxg6 28. Re2 Kg8 29. Rh2 Qxa3 30. Rgh3 Kf8 31. Rh8+
Ke7 32. R2h7+ Kd6 33. Rd8+ Kc6 34. Rdd7 Qa1+ 35. Kg2 Kb5
36. Rxc7 Rxf4 37. Qxf4 Qd1 38. Rxb7 Qe2+ 39. Kg1 1-0

[Event "First Saturday September"]
[Site "Budapest HUN"]
[Date "2006.09.12"]
[EventDate "2006.09.02"]
[Round "11"]
[Result "0-1"]
[White "Iweta Radziewicz Rajlich"]
[Black "Zlatko Ilincic"]
[WhiteElo "2425"]
[BlackElo "2515"]
[PlyCount "42"]

1. d4 f5 2. Bg5 g6 3. h4 h6 4. Bf4 Nf6 5. Be5 Bg7 6. g4 fxg4
7. Qd3 Kf7 8. Nh3 gxh3 9. Rg1 g5 10. Bxh3 d6 11. Bxc8 Qxc8
12. hxg5 hxg5 13. Nd2 g4 14. Ne4 Nxe4 15. Bxg7 Qf5 16. f3 Kxg7
17. fxe4 Qg5 18. e3 Nd7 19. O-O-O Rh4 20. Rg3 Rh3 21. Rg2 Rah8
0-1

[Event "FSGM November"]
[Site "Budapest HUN"]
[Date "2006.11.05"]
[EventDate "2006.11.04"]
[Round "2"]
[Result "0-1"]
[White "Maurizio Caposciutti"]
[Black "Iweta Radziewicz Rajlich"]
[WhiteElo "2333"]
[BlackElo "2432"]
[PlyCount "126"]

1. Nf3 c5 2. c4 g6 3. d4 Bg7 4. e4 Qb6 5. Nc3 cxd4 6. Nd5 Qa5+
7. b4 Qd8 8. Nxd4 Nf6 9. Bg5 O-O 10. Be2 Nc6 11. Bxf6 exf6
12. Nb5 d6 13. O-O f5 14. exf5 Bxf5 15. Ne3 a6 16. Nxf5 gxf5
17. Na3 Bxa1 18. Qxa1 Qe7 19. Bd3 Qe5 20. Qc1 Nxb4 21. Bb1
Rae8 22. Qd2 Nc6 23. Nc2 f4 24. Ne1 Nd4 25. Nd3 Ne2+ 26. Kh1
Qc3 27. Qxc3 Nxc3 28. Nxf4 Nxb1 29. Rxb1 Re4 30. g3 Rb8
31. Rc1 Rc8 32. Rb1 Rexc4 33. Rxb7 Rc2 34. Nd5 Kg7 35. Kg2
Rxa2 36. Ne3 d5 37. Ra7 Rd2 38. g4 Kf6 39. Rxa6+ Ke5 40. Rh6
d4 41. Rh5+ Ke6 42. Rh6+ Kd7 43. Nf5 Rcc2 44. Rd6+ Kc7
45. Rxd4 Rxd4 46. Nxd4 Rc4 47. Nf5 Rxg4+ 48. Kf3 Ra4 49. Ne3
Kd6 50. Kg3 Ke6 51. Ng2 Kf5 52. Ne3+ Ke4 53. Kg4 Ra2 54. Kg3
f5 55. Nc4 f4+ 56. Kg2 Ra6 57. Nd2+ Kf5 58. Nb3 Rd6 59. Nc5
Rd5 60. Nb3 Ke4 61. Nc1 f3+ 62. Kg3 Rg5+ 63. Kh3 Rb5 0-1

[Event "FSGM November"]
[Site "Budapest HUN"]
[Date "2006.11.06"]
[EventDate "2006.11.04"]
[Round "3"]
[Result "1-0"]
[White "Iweta Radziewicz Rajlich"]
[Black "Gellert Papp"]
[WhiteElo "2432"]
[BlackElo "2324"]
[PlyCount "131"]

1. d4 c5 2. d5 e6 3. c4 exd5 4. cxd5 d6 5. Nc3 g6 6. e4 Bg7
7. Bd3 a6 8. a4 Nh6 9. h3 O-O 10. Nf3 Qe7 11. O-O Nd7 12. Ng5
Ne5 13. f4 Nxd3 14. Qxd3 f6 15. Nf3 Nf7 16. g4 Bd7 17. Re1
Rae8 18. Bd2 Qd8 19. f5 Qe7 20. Bf4 Bh6 21. Bxh6 Nxh6 22. fxg6
hxg6 23. e5 fxe5 24. Qxg6+ Qg7 25. Qxg7+ Kxg7 26. Ng5 Nf7
27. Nge4 Rh8 28. Rf1 Rh6 29. Rf3 Reh8 30. Raf1 Be8 31. Kg2 Rg6
32. Rf6 Rhh6 33. Rxg6+ Rxg6 34. Ng3 Bd7 35. a5 Kf8 36. Nge4
Ke7 37. Rb1 Ng5 38. Nxg5 Rxg5 39. Kg3 Rg8 40. Rf1 b6 41. axb6
Rb8 42. g5 Be8 43. Rf6 Bf7 44. Rh6 Rxb6 45. g6 Bg8 46. Ne4 Kf8
47. Kg4 Kg7 48. Kh5 Rb3 49. h4 Rb4 50. Nxd6 Rxh4+ 51. Kg5 Rxh6
52. Nf5+ Kf8 53. g7+ Ke8 54. Nxh6 Bxd5 55. Kf6 e4 56. Ke5 Ba2
57. Kxe4 Ke7 58. g8=Q Bxg8 59. Nxg8+ Ke6 60. Nh6 Kd6 61. Nf5+
Kc6 62. Kd3 Kb5 63. Kc3 a5 64. Ne3 Ka4 65. Nc2 c4 66. Ne3 1-0

[Event "FSGM November"]
[Site "Budapest HUN"]
[Date "2006.11.07"]
[EventDate "2006.11.04"]
[Round "4"]
[Result "1/2-1/2"]
[White "Bill Paschall"]
[Black "Iweta Radziewicz Rajlich"]
[WhiteElo "2374"]
[BlackElo "2432"]
[PlyCount "111"]

1. g3 c5 2. Bg2 Nc6 3. c4 d6 4. Nc3 g6 5. e3 Bg7 6. Nge2 Bd7
7. d3 Nf6 8. b3 a6 9. Bb2 Rb8 10. Qd2 b5 11. h3 O-O 12. O-O
Qc8 13. Kh2 Nb4 14. Rfc1 bxc4 15. dxc4 Bc6 16. Nd5 Nfxd5
17. Bxg7 Nxe3 18. Bxf8 Bxg2 19. Nf4 Qxf8 20. Nxg2 Nf5 21. Rc3
Qg7 22. Rac1 Nd4 23. f4 e5 24. g4 e4 25. Rf1 Nd3 26. Rxd3 exd3
27. Qxd3 Qf6 28. Re1 a5 29. Qe4 a4 30. bxa4 Qe6 31. Qd3 Qd7
32. Rb1 Re8 33. Ne3 Qxa4 34. Rb2 Kg7 35. Nd5 Qa5 36. Qg3 Qa4
37. Qd3 Re1 38. f5 h6 39. fxg6 Qe8 40. gxf7 Qxf7 41. Kg2 Ra1
42. Rf2 Qe8 43. Nf4 Qa8+ 44. Nd5 Rxa2 45. Rxa2 Qxa2+ 46. Kg3
Qa1 47. Qe3 Nc6 48. g5 Qe5+ 49. Qxe5+ Nxe5 50. gxh6+ Kxh6
51. Ne3 Kg5 52. h4+ Kh5 53. Kf4 Nxc4 54. Nxc4 Kxh4 55. Nxd6 c4
56. Nxc4 1/2-1/2

[Event "FSGM November"]
[Site "Budapest HUN"]
[Date "2006.11.08"]
[EventDate "2006.11.04"]
[Round "5"]
[Result "0-1"]
[White "Iweta Radziewicz Rajlich"]
[Black "David Berczes"]
[WhiteElo "2432"]
[BlackElo "2415"]
[PlyCount "70"]

1. d4 Nf6 2. c4 e6 3. Nc3 Bb4 4. Qc2 d5 5. Nf3 dxc4 6. e4 b5
7. a4 Bb7 8. axb5 Bxe4 9. Qa4 Nd5 10. Nd2 Bg6 11. b6+ Nd7
12. Nxd5 Bxd2+ 13. Bxd2 exd5 14. Bb4 cxb6 15. Bxc4 dxc4
16. O-O Qc7 17. Rfe1+ Kd8 18. Be7+ Kc8 19. Qa6+ Kb8 20. Bh4
Qb7 21. Bg3+ Kc8 22. Qxc4+ Kd8 23. Bd6 Nf6 24. Be7+ Kd7 25. d5
a6 26. Qa4+ b5 27. Qa3 Ne4 28. Rxe4 Bxe4 29. Qd6+ Ke8 30. Bh4
f6 31. Re1 Qe7 32. Qb6 Kf7 33. d6 Qa7 34. Qxa7+ Rxa7 35. Rxe4
Re8 0-1

[Event "FSGM November"]
[Site "Budapest HUN"]
[Date "2006.11.09"]
[EventDate "2006.11.04"]
[Round "6"]
[Result "1/2-1/2"]
[White "Zlatko Ilincic"]
[Black "Iweta Radziewicz Rajlich"]
[WhiteElo "2451"]
[BlackElo "2432"]
[PlyCount "73"]

1. d4 Nf6 2. c4 c5 3. d5 e6 4. Nc3 exd5 5. cxd5 d6 6. g3 a6
7. a4 g6 8. Bg2 Bg7 9. Nf3 O-O 10. O-O Re8 11. Nd2 Nbd7 12. a5
b5 13. axb6 Nxb6 14. Ra3 Ng4 15. Qc2 a5 16. b3 Ne5 17. Bb2 c4
18. Rfa1 Bf5 19. e4 Bd7 20. Rxa5 Rxa5 21. Rxa5 cxb3 22. Qxb3
Nbc4 23. Nxc4 Nxc4 24. Ra7 Nxb2 25. Qxb2 Bd4 26. Ra3 Qc7
27. Qb4 Bc5 28. Qa5 Bb6 29. Qa6 Qc5 30. Ra2 Qxc3 31. Qxb6 Qc1+
32. Bf1 Bh3 33. Qa6 Qb1 34. Ra1 Bxf1 35. Qxf1 Qxe4 36. Qb5 h5
37. h4 1/2-1/2

[Event "6th Amplico AIG Life"]
[Site "Warsaw POL"]
[Date "2006.12.16"]
[EventDate "2006.12.16"]
[Round "5"]
[Result "0-1"]
[White "Iweta Radziewicz Rajlich"]
[Black "Bartlomiej Heberla"]
[WhiteElo "2432"]
[BlackElo "2569"]
[PlyCount "126"]

1. d4 Nf6 2. c4 g6 3. Nc3 Bg7 4. e4 O-O 5. Nf3 c6 6. Be2 d5
7. e5 Ne4 8. O-O Nxc3 9. bxc3 dxc4 10. Bxc4 c5 11. Ng5 cxd4
12. cxd4 Nc6 13. Be3 Na5 14. Bd3 h6 15. Ne4 f5 16. exf6 exf6
17. Qd2 f5 18. Nc5 b6 19. Nb3 Nxb3 20. axb3 Be6 21. Bc4 Bxc4
22. bxc4 f4 23. Bxf4 Qxd4 24. Qxd4 Bxd4 25. Bxh6 Rxf2 26. Rxf2
Bxa1 27. Rd2 Rc8 28. Be3 Rxc4 29. Rd8+ Kf7 30. Rd7+ Ke6
31. Rxa7 Bd4 32. Bxd4 Rxd4 33. Ra6 Rb4 34. h4 Kf5 35. Ra3 Kg4
36. Rh3 b5 37. Kh2 Kh5 38. Rd3 Kxh4 39. Rd6 g5 40. Rd5 Kg4
41. Rc5 Rb2 42. Rc6 Rb3 43. Rc7 Kf4 44. Rf7+ Ke5 45. Rg7 Kf6
46. Rg8 Kf5 47. Rf8+ Kg4 48. Rc8 Rb4 49. Rc5 Kf4 50. Rc8 g4
51. Rf8+ Ke5 52. Kg3 Kd5 53. Rf5+ Kc6 54. Rf6+ Kc5 55. Rg6 Re4
56. Rg8 b4 57. Rc8+ Kb5 58. Rb8+ Kc4 59. Rc8+ Kb3 60. Kh4 Rc4
61. Re8 Ka3 62. Kg5 b3 63. Ra8+ Ra4 0-1

[Event "6th Amplico AIG Life"]
[Site "Warsaw POL"]
[Date "2006.12.16"]
[EventDate "2006.12.16"]
[Round "8"]
[Result "1-0"]
[White "Vladimir P Malaniuk"]
[Black "Iweta Radziewicz Rajlich"]
[WhiteElo "2534"]
[BlackElo "2432"]
[PlyCount "89"]

1. d4 c5 2. d5 e6 3. c4 exd5 4. cxd5 d6 5. e4 a6 6. Nf3 Nf6
7. Nfd2 b5 8. a4 b4 9. Bd3 Nbd7 10. Nc4 Be7 11. a5 O-O 12. O-O
Re8 13. Bf4 Nf8 14. Nbd2 Ng6 15. Bg3 Bf8 16. h3 Ra7 17. f4 Bd7
18. f5 Ne5 19. Nxe5 dxe5 20. Qe2 Bc8 21. Bf2 Nd7 22. Be3 Qh4
23. Kh2 Ra8 24. g3 Qd8 25. g4 h6 26. Rg1 Be7 27. Nb3 Bb7
28. Rgc1 Bxd5 29. exd5 e4 30. Bc4 Qc7+ 31. Kg2 Bh4 32. Bf2
Bxf2 33. Qxf2 e3 34. Qg3 Ne5 35. Be2 c4 36. Rxc4 Qb7 37. Rc5
Nd7 38. Rc6 Nf6 39. Qc7 Qxc7 40. Rxc7 Nxd5 41. Rc4 Rad8
42. Kf3 h5 43. Rd1 hxg4+ 44. hxg4 Kf8 45. Rcd4 1-0

[Event "First Saturday February"]
[Site "Budapest HUN"]
[Date "2007.02.11"]
[EventDate "2007.02.03"]
[Round "9"]
[Result "1-0"]
[White "Peter Prohaszka"]
[Black "Iweta Radziewicz Rajlich"]
[WhiteElo "2430"]
[BlackElo "2428"]
[PlyCount "97"]

1. d4 Nf6 2. c4 c5 3. d5 b5 4. Nf3 Bb7 5. Qc2 Na6 6. Nc3 bxc4
7. e4 Nb4 8. Qd1 e6 9. a3 Nd3+ 10. Bxd3 cxd3 11. Qxd3 exd5
12. exd5 Bd6 13. O-O O-O 14. Bg5 h6 15. Bh4 Re8 16. Rfe1 g5
17. Nxg5 hxg5 18. Bxg5 Bxh2+ 19. Kh1 Re5 20. Rxe5 Bxe5 21. Re1
Ng4 22. Qf5 Nxf2+ 23. Kg1 Nh3+ 24. gxh3 Bd4+ 25. Kh1 Qb6
26. Be3 Qe6 27. Qg5+ Kf8 28. Kh2 Qe5+ 29. Qxe5 Bxe5+ 30. Kg1
f6 31. Bxc5+ Kf7 32. Kf2 d6 33. Be3 Rh8 34. Rh1 a5 35. Ke2 Rh4
36. Bf2 Ba6+ 37. Kd2 Rc4 38. Rg1 a4 39. Bg3 Bd4 40. Re1 f5
41. Bxd6 f4 42. Re7+ Kf6 43. Re6+ Kf5 44. Bxf4 Bc8 45. Kd3
Bxe6 46. Kxc4 Bxc3 47. dxe6 Bf6 48. Bd2 Kxe6 49. Bc3 1-0

[Event "First Saturday February"]
[Site "Budapest HUN"]
[Date "2007.02.12"]
[EventDate "2007.02.03"]
[Round "10"]
[Result "0-1"]
[White "Iweta Radziewicz Rajlich"]
[Black "Predrag Bodiroga"]
[WhiteElo "2428"]
[BlackElo "2431"]
[PlyCount "124"]

1. e4 c6 2. d4 d5 3. e5 Bf5 4. c4 e6 5. Nc3 Ne7 6. a3 Nd7
7. c5 b6 8. b4 a5 9. Be3 axb4 10. axb4 bxc5 11. bxc5 f6 12. f4
Bg6 13. Rxa8 Qxa8 14. Bd3 Nf5 15. Bxf5 Bxf5 16. Nge2 Be7
17. Ng3 Qa3 18. Qd2 Kf7 19. O-O Rb8 20. Nxf5 exf5 21. Qd3 g6
22. Bc1 Qb3 23. Bd2 Qc4 24. e6+ Kxe6 25. Qe3+ Kf7 26. Re1 Re8
27. Kh1 Nf8 28. h3 Qa6 29. Kh2 Qa7 30. Re2 Qd7 31. Qd3 Bd8
32. Be3 Bc7 33. Ra2 g5 34. Kh1 h6 35. Ra7 Re7 36. Ne2 Ng6
37. fxg5 hxg5 38. Ng1 Qe6 39. Bd2 Bf4 40. Ra6 Qe4 41. Qxe4
fxe4 42. Bxf4 Nxf4 43. g3 Ne6 44. Ne2 Rb7 45. Rxc6 Rb2 46. Nc3
Nxd4 47. Rb6 Rc2 48. Nxd5 Nf3 49. Rxf6+ Kg7 50. Rxf3 exf3
51. Kg1 Kf7 52. Ne3 Re2 53. Nf5 Kf6 54. Nd6 Ke5 55. Nf7+ Kd4
56. Nh6 Kxc5 57. Kf1 Kd5 58. h4 gxh4 59. gxh4 Ke5 60. h5 Kf4
61. Nf7 Rh2 62. h6 Kg3 0-1

[Event "First Saturday February"]
[Site "Budapest HUN"]
[Date "2007.02.13"]
[EventDate "2007.02.03"]
[Round "11"]
[Result "1-0"]
[White "Kim Pilgaard"]
[Black "Iweta Radziewicz Rajlich"]
[WhiteElo "2412"]
[BlackElo "2428"]
[PlyCount "87"]

1. e4 e6 2. d4 d5 3. Nc3 Bb4 4. Bd3 Nc6 5. Nge2 dxe4 6. Bxe4
Nf6 7. Bf3 e5 8. Bxc6+ bxc6 9. O-O Qd6 10. dxe5 Qxe5 11. Bf4
Qf5 12. Bxc7 O-O 13. a3 Bxc3 14. Nxc3 Re8 15. Qd2 Qg6 16. Rfe1
Bf5 17. Be5 Ne4 18. Nxe4 Bxe4 19. Bg3 h5 20. h4 Bxc2 21. Rxe8+
Rxe8 22. Qd7 Re2 23. Qxa7 Bb1 24. Qd4 Qc2 25. a4 Qc1+ 26. Kh2
Re1 27. Bf4 Rh1+ 28. Kg3 Qc2 29. f3 f6 30. a5 g5 31. Qd8+ Kf7
32. Qd7+ Kg6 33. Qe8+ Kg7 34. Qe7+ Kg6 35. Bxg5 fxg5 36. Qxg5+
Kf7 37. Qxh5+ Kf8 38. Qh6+ Kf7 39. Qf4+ Kg7 40. Qe5+ Kf7
41. a6 Rf1 42. Qf4+ Kg7 43. Qd4+ Kh6 44. a7 1-0

[Event "Women's World Team Championship"]
[Site "Ekaterinburg RUS"]
[Date "2007.05.21"]
[EventDate "?"]
[Round "2"]
[Result "1/2-1/2"]
[White "Iweta Radziewicz Rajlich"]
[Black "Ketino Kachiani-Gersinska"]
[WhiteElo "2392"]
[BlackElo "2375"]
[PlyCount "102"]

1. d4 d5 2. c4 c6 3. Nc3 Nf6 4. e3 e6 5. Bd2 Nbd7 6. Qc2 b6
7. cxd5 exd5 8. Nf3 Bb7 9. Bd3 Be7 10. O-O O-O 11. Ne5 c5
12. f4 cxd4 13. exd4 Nxe5 14. fxe5 Ne4 15. Bxe4 dxe4 16. Be3
Ba6 17. Qxe4 Bxf1 18. Rxf1 Bg5 19. Bf2 Qd7 20. Rd1 Rac8 21. h4
Be7 22. Rd3 Rfd8 23. Rg3 Rc4 24. h5 h6 25. b3 Rxd4 26. Bxd4
Qxd4+ 27. Qxd4 Rxd4 28. Kf1 Rh4 29. Rh3 Rg4 30. Nd5 Bc5
31. Rd3 Re4 32. b4 Bxb4 33. Nxb4 Rxb4 34. Rd8+ Kh7 35. Rd7
Rf4+ 36. Kg1 a5 37. Re7 Rf5 38. g4 Rf4 39. Kh2 Rxg4 40. Rxf7
Rh4+ 41. Kg3 Rxh5 42. Kf4 Rh2 43. e6 Rxa2 44. Ke3 Ra1 45. Kd2
Ra2+ 46. Kd3 Ra1 47. Kd2 Kg8 48. Rf5 Ra2+ 49. Kd3 Ra3+ 50. Kd2
Ra2+ 51. Kd3 Ra3+ 1/2-1/2

[Event "Women's World Team Championship"]
[Site "Ekaterinburg RUS"]
[Date "2007.05.23"]
[EventDate "2007.05.20"]
[Round "4"]
[Result "1/2-1/2"]
[White "Iweta Radziewicz Rajlich"]
[Black "Nadezhda Kosintseva"]
[WhiteElo "2408"]
[BlackElo "2475"]
[PlyCount "120"]

1. d4 Nf6 2. c4 e6 3. Nc3 Bb4 4. Qc2 O-O 5. Nf3 c5 6. dxc5 Na6
7. g3 Nxc5 8. Bg2 Nce4 9. O-O Nxc3 10. bxc3 Be7 11. e4 d6
12. e5 dxe5 13. Nxe5 Qc7 14. Qe2 Bd6 15. Bf4 Ne8 16. c5 Qxc5
17. c4 f6 18. Nd3 Qc7 19. c5 Bxf4 20. Nxf4 Qxc5 21. Rac1 Qe7
22. Rfe1 g5 23. Nd5 Qf7 24. Red1 Bd7 25. Bf3 Rc8 26. Bh5 Qg7
27. Rxc8 Bxc8 28. Qc4 Nd6 29. Qc5 Nf5 30. Bg4 b6 31. Qc6 Qb7
32. Bxf5 Qxc6 33. Ne7+ Kf7 34. Nxc6 exf5 35. Nxa7 Be6 36. a3
Ra8 37. Nb5 Ra5 38. Rb1 Ke7 39. Nd4 Bd7 40. Rxb6 Rxa3 41. Nc6+
Kf7 42. Rb7 Ra1+ 43. Kg2 Ke6 44. Nd4+ Kd6 45. Rb6+ Ke7
46. Nc6+ Bxc6+ 47. Rxc6 Kf7 48. Rc4 Kg6 49. h4 h6 50. hxg5
hxg5 51. Rc5 Ra4 52. Kf3 Re4 53. Kg2 f4 54. g4 Kf7 55. Ra5 Rd4
56. Kf3 Rd3+ 57. Ke4 Rd7 58. Kf5 Re7 59. f3 Kg7 60. Rb5 Kf7
1/2-1/2

[Event "Women's World Team Championship"]
[Site "Ekaterinburg RUS"]
[Date "2007.05.24"]
[EventDate "2007.05.20"]
[Round "5"]
[Result "1-0"]
[White "Thanh Tu Le"]
[Black "Iweta Radziewicz Rajlich"]
[WhiteElo "2306"]
[BlackElo "2408"]
[PlyCount "97"]

1. d4 Nf6 2. c4 c5 3. d5 e6 4. Nc3 exd5 5. cxd5 d6 6. Nf3 a6
7. a4 g6 8. g3 Bg7 9. Bg2 O-O 10. O-O Nbd7 11. Nd2 Qc7 12. Nc4
Nb6 13. Na3 Bd7 14. h3 Rfe8 15. a5 Nc8 16. Nc4 Bb5 17. Qb3 Na7
18. Re1 Nd7 19. Bf4 Bxc4 20. Qxc4 Ne5 21. Qa4 Re7 22. Bg5 f6
23. Bd2 Qd7 24. Qc2 Nb5 25. e3 f5 26. Na4 Qe8 27. Nb6 Rb8
28. Bc3 Qf8 29. Re2 Rbe8 30. Rae1 Nd7 31. Nc4 Nf6 32. Qd3 Ne4
33. Rc1 h5 34. h4 Bh6 35. Bf3 Nf6 36. Rec2 Ng4 37. Bxg4 hxg4
38. Kg2 Qf7 39. b4 Nd4 40. exd4 Bxc1 41. dxc5 Rd7 42. Rxc1
dxc5 43. d6 f4 44. Ne5 f3+ 45. Kg1 c4 46. Qd4 Rxe5 47. Qxe5
Qf5 48. Qe8+ Kh7 49. Qh8+ 1-0